[Event "SZCZYRK OPEN - TURNIEJ Z OKAZJI SWIETA NIEPODLEGLOSCI - BLITZ 3'+2'' "]
[Site "Szczyrk"]
[Date "2018-11-11"]
[Round "4.70"]
[White "Kowalska, Julia"]
[Black "Kucza, Kamil "]
[Result "0-1"]
[WhiteTitle ""]
[BlackTitle ""]
[WhiteElo "1033"]
[BlackElo "1200"]

1. e4 e5 2. Nf3 Nc6 3. Nc3 Nf6 4. Bb5 d6 5. d3 Bd7 6. Bg5 Be7 7. O-O h6 8. Bxf6
Bxf6 9. h3 a6 10. Ba4 b5 11. Bb3 O-O 12. Re1 Re8 13. a3 Nd4 14. Nxd4 exd4 15.
Nd5 Bc6 16. Nxf6+ Qxf6 17. f3 a5 18. a4 bxa4 19. Bxa4 Bxa4 20. Rxa4 c5 21. Qd2
Qd8 22. c3 dxc3 23. Qxc3 Qb6 24. Rd1 Reb8 25. b3 Qxb3 26. Qxb3 Rxb3 27. d4 Rb4
28. Rxb4 axb4 29. dxc5 dxc5 30. Rc1 Rc8 31. Rc4 b3 32. Rc1 c4 33. Rb1 Rb8 34.
Kf2 c3 35. Ke2 c2 36. Rc1 b2 37. Rxc2 b1=Q 38. Kd2 Rd8+ 39. Kc3 Rc8+ 40. Kd2 Qxc2+
41. Ke3 Rc3+ 42. Kf4 Qd2+ 43. Kg3 Qg5+ 44. Kf2 Rc2+ 45. Kf1 Qxg2+ 46. Ke1 Qe2#
0-1

[Event "SZCZYRK OPEN - TURNIEJ Z OKAZJI SWIETA NIEPODLEGLOSCI - BLITZ 3'+2'' "]
[Site "Szczyrk"]
[Date "2018-11-11"]
[Round "4.71"]
[White "Kaznowska, Weronika"]
[Black "Gawlik, Olivier"]
[Result "1/2-1/2"]
[WhiteTitle ""]
[BlackTitle ""]
[WhiteElo "1199"]
[BlackElo "1026"]

1. d4 d5 2. c4 e6 3. Nc3 Nf6 4. Bf4 Nbd7 5. e3 c5 6. Nf3 Be7 7. Be2 dxc4 8. Bxc4
cxd4 9. exd4 Nb6 10. Bb3 Bb4 11. O-O Bxc3 12. bxc3 Nbd5 13. Bd2 Ne4 14. Qc2 Nxd2
15. Nxd2 Qc7 16. Bxd5 exd5 17. Rfe1+ Be6 18. Qa4+ Qc6 19. Qb4 a5 20. Qa3 b6 21.
Nf3 Rc8 22. Rac1 Rd8 23. Re3 Qd6 24. Qxd6 Rxd6 25. Rb1 O-O 26. Ng5 Re8 27. Nxe6
Rexe6 28. Rbe1 Rxe3 29. Rxe3 Re6 30. Rxe6 fxe6 31. f4 Kf7 32. Kf2 Kf6 33. Kf3
Kf5 34. g4+ Kf6 35. h4 b5 36. Ke3 h6 37. a3 g5 38. fxg5+ hxg5 39. h5 Kg7 40. Kd2
Kh6 41. Kc2 a4 42. Kd3 Kg7 43. Ke3 Kf6 44. Kf3 Kg7 45. Ke3 Kh6 46. Kf3 Kg7 47.
Ke3 Kf6 48. Kf3 Ke7 49. Ke3 Kf7 50. Kf3 Kg8 51. Ke3 Kh7 52. Kf3 Kh6 53. Ke3 Kg7
54. Kf3 Kf6 55. Ke3 Kg7 56. Kf3 Kf7 57. Ke3 Kf6 58. Kf3 Ke7 59. Ke3 Kf8 60. Kf3
Kg7 61. Ke3 Kh6 62. Kf3 Kg7 63. Ke3 Kf8 64. Kf3 Kf7 65. Ke3 Ke7 66. Kf3 Kf6 67.
Ke3 Kg7 68. Kf3 Kh6 69. Ke3 Kh7 70. Kf3 Kg7 71. Ke3 Kh7 72. Kf3 Kh6 73. Ke3 Kg7
74. Kf3 Kh8 75. Ke3 Kg7 76. Kf3 Kg8 77. Ke3 Kf8 78. Kf3 Kf7 79. Ke3 Ke7 80. Kf3
Kf6 81. Ke3 Kg7 82. Kf3 Kf6 83. Ke3 Ke7 84. Kf3 Kf6 1/2-1/2

[Event "SZCZYRK OPEN - TURNIEJ Z OKAZJI SWIETA NIEPODLEGLOSCI - BLITZ 3'+2'' "]
[Site "Szczyrk"]
[Date "2018-11-11"]
[Round "4.73"]
[White "Strzoda, Szymon"]
[Black "Fic, Joanna"]
[Result "1-0"]
[WhiteTitle ""]
[BlackTitle ""]
[WhiteElo "1190"]
[BlackElo "1004"]

1. e4 c5 2. f4 d6 3. Nc3 Nc6 4. Bb5 Bd7 5. Nf3 Qc7 6. Bxc6 Bxc6 7. d3 O-O-O 8.
O-O g6 9. Ng5 e5 10. fxe5 dxe5 11. Nxf7 Qe7 12. Bg5 Nf6 13. Bxf6 Qxf7 14. Bxd8
Qd7 15. Bg5 Bg7 16. Qf3 Rf8 17. Qh3 Rxf1+ 18. Rxf1 Qxh3 19. gxh3 Kc7 20. Rf7+
Kb6 21. Rxg7 a5 22. Nd5+ Bxd5 23. exd5 1-0

[Event "SZCZYRK OPEN - TURNIEJ Z OKAZJI SWIETA NIEPODLEGLOSCI - BLITZ 3'+2'' "]
[Site "Szczyrk"]
[Date "2018-11-11"]
[Round "4.75"]
[White "Krasniewski, Piotr "]
[Black "Waszkowska, Sandra "]
[Result "1/2-1/2"]
[WhiteTitle ""]
[BlackTitle ""]
[WhiteElo "1062"]
[BlackElo "1177"]

1. e4 c5 2. Nf3 Nc6 3. d4 cxd4 4. Nxd4 Nxd4 5. Qxd4 d6 6. Nc3 Nf6 7. Bg5 e5 8.
Qd2 Be7 9. Nd5 Nxd5 10. Bxe7 Nxe7 11. Bb5+ Bd7 12. Bc4 Rc8 13. b3 a6 14. a4 Ng6
15. g3 Bc6 16. f3 Qf6 17. O-O O-O 18. Bd3 Qd8 19. c4 Qb6+ 20. Kh1 Qxb3 21. Rfb1
Qxb1+ 22. Rxb1 Bxa4 23. Rxb7 Rb8 24. Rxb8 Rxb8 25. Kg2 Ne7 26. Qa5 Bd7 27. Qxa6
g6 28. Qxd6 Rb2+ 29. Kf1 Bh3+ 30. Ke1 Rb7 31. Qa3 Rd7 32. g4 h5 33. gxh5 gxh5
34. c5 Rc7 35. Qa5 Rd7 36. Bb5 Rd4 37. c6 Bg2 38. c7 Bxf3 39. Qa8+ Kg7 40. c8=Q
Nxc8 41. Qxc8 Rxe4+ 42. Kf2 Bg4 43. Qc2 Re2+ 44. Qxe2 Bxe2 45. Kxe2 f5 46. Kf3
Kg6 47. Bd7 f4 48. h4 Kf6 49. Ke4 Ke7 50. Bh3 Kd6 51. Bc8 Kc7 52. Be6 Kd6 53.
Bc4 Kc5 54. Ba2 Kd6 55. Bg8 Ke7 56. Kxe5 Kf8 57. Bd5 Kg7 58. Kxf4 Kh6 59. Bf3
Kg6 60. Be2 Kf6 61. Bd3 Kg7 62. Kg5 Kf7 63. Kxh5 Kg7 64. Kg5 Kf7 65. Kh6 Kg8 66.
h5 Kh8 67. Kg6 Kg8 68. h6 Kh8 69. Kh5 Kg8 70. h7+ Kh8 71. Kg4 Kg7 72. Kf4 Kh8
73. Ke5 Kg7 74. Ke6 Kh8 75. Ke7 Kg7 76. Ke6 Kh8 77. Ke5 Kg7 78. Kf4 Kh8 79. Kg5
Kg7 80. Be4 Kh8 1/2-1/2

[Event "SZCZYRK OPEN - TURNIEJ Z OKAZJI SWIETA NIEPODLEGLOSCI - BLITZ 3'+2'' "]
[Site "Szczyrk"]
[Date "2018-11-11"]
[Round "5.1"]
[White "Marszalek, Maciej"]
[Black "Warakomski, Tomasz "]
[Result "1/2-1/2"]
[WhiteTitle ""]
[BlackTitle ""]
[WhiteElo "2259"]
[BlackElo "2572"]

1. Nf3 d5 2. c4 d4 3. d3 Nc6 4. g3 e5 5. Bg2 f6 6. O-O Nge7 7. e3 Nf5 8. exd4 Ncxd4
9. Nxd4 Qxd4 10. Nc3 c6 11. Qe2 Be7 12. Be3 Nxe3 13. fxe3 Qb6 14. Kh1 O-O 15.
Rf2 Be6 16. Raf1 Rfe8 17. Be4 Bf7 18. Bg2 Rad8 19. Ne4 Bg6 20. g4 Rd7 21. h4 h6
22. g5 hxg5 23. hxg5 f5 24. Rxf5 Qd8 25. Rxe5 Rxd3 26. Nf6+ gxf6 27. gxf6 Bxf6
28. Rxe8+ Bxe8 29. Rxf6 Rd1+ 30. Rf1 Qh4+ 31. Kg1 Rxf1+ 32. Qxf1 Bf7 33. b3 Qg3
34. Qf4 Qe1+ 35. Kh2 Qd2 36. Qb8+ Kg7 37. Qxb7 Qd6+ 38. Kh1 Qh6+ 39. Kg1 Qxe3+
40. Kh1 Qh6+ 41. Kg1 1/2-1/2

[Event "SZCZYRK OPEN - TURNIEJ Z OKAZJI SWIETA NIEPODLEGLOSCI - BLITZ 3'+2'' "]
[Site "Szczyrk"]
[Date "2018-11-11"]
[Round "5.2"]
[White "Plichta, Kamil "]
[Black "Jagodzinski, Mariusz "]
[Result "0-1"]
[WhiteTitle ""]
[BlackTitle ""]
[WhiteElo "2388"]
[BlackElo "1797"]

1. d4 d5 2. c4 e6 3. Nc3 f5 4. cxd5 exd5 5. e4 dxe4 6. Nh3 Be6 7. Ng5 Qd7 8. Nxe6
Qxe6 9. Qa4+ Qd7 10. Qb3 c6 11. Bc4 Nf6 12. Bg5 Bd6 13. Bxf6 gxf6 14. Be6 Qe7
15. Bxf5 e3 16. fxe3 Qxe3+ 17. Kf1 Qf4+ 18. Ke2 Qxf5 19. Qxb7 O-O 20. Rhf1 Re8+
21. Kd2 Bf4+ 22. Rxf4 Qxf4+ 23. Kc2 Qf5+ 24. Kd2 Nd7 25. Qxc6 Qf2+ 26. Kd3 Nb6
27. Ne4 Qf5 28. g4 Qf3+ 29. Kd2 Qxe4 30. Qxf6 Qe2+ 31. Kc3 Rac8+ 32. Kb4 Qxb2+
33. Ka5 Qa3+ 34. Kb5 Qa4# 0-1

[Event "SZCZYRK OPEN - TURNIEJ Z OKAZJI SWIETA NIEPODLEGLOSCI - BLITZ 3'+2'' "]
[Site "Szczyrk"]
[Date "2018-11-11"]
[Round "5.3"]
[White "Michalski, Karol "]
[Black "Jaroch, Karol"]
[Result "0-1"]
[WhiteTitle ""]
[BlackTitle ""]
[WhiteElo "2006"]
[BlackElo "2311"]

1. d4 e6 2. c4 Nf6 3. Nf3 b6 4. g3 Bb7 5. Bg2 Be7 6. O-O O-O 7. Nc3 d6 8. b3 Nbd7
9. Bb2 c5 10. e3 Ne4 11. Qc2 Nxc3 12. Bxc3 Qc7 13. Rad1 cxd4 14. Bxd4 Rad8 15.
Qb2 Bf6 16. Rd2 Be4 17. Rfd1 Qc6 18. Ne1 Bxg2 19. Nxg2 Bxd4 20. exd4 d5 21. Ne3
Nf6 22. c5 bxc5 23. Rc2 c4 24. bxc4 dxc4 25. Rxc4 Qf3 26. Rc7 Nd5 27. Rcc1 Nxe3
28. fxe3 Qxe3+ 29. Qf2 Qa3 30. Rc2 Rd5 31. Qg2 Rfd8 32. Rf2 g6 33. Qe4 Qa4 34.
Rdf1 Rxd4 35. Qe5 R4d7 36. h4 Qc6 37. h5 Qc7 38. Qe3 Rd3 39. Qh6 Rxg3+ 40. Rg2
Rxg2+ 41. Kxg2 Qc2+ 42. Rf2 Qe4+ 43. Kh2 Qh4+ 44. Kg2 Qg4+ 45. Kh2 Rd1 46. Rg2
Qh4# 0-1

[Event "SZCZYRK OPEN - TURNIEJ Z OKAZJI SWIETA NIEPODLEGLOSCI - BLITZ 3'+2'' "]
[Site "Szczyrk"]
[Date "2018-11-11"]
[Round "5.4"]
[White "Piotrowski, Przemyslaw "]
[Black "Dylag, Emilia"]
[Result "1-0"]
[WhiteTitle ""]
[BlackTitle ""]
[WhiteElo "2287"]
[BlackElo "1668"]

1. d4 Nf6 2. Nf3 g6 3. g3 Bg7 4. Bg2 O-O 5. O-O d6 6. c4 Nbd7 7. Nc3 c6 8. e4 e5
9. h3 Qc7 10. Be3 Re8 11. Qc2 exd4 12. Nxd4 Ne5 13. b3 a6 14. f4 Ned7 15. Rad1
a5 16. a3 Nc5 17. b4 axb4 18. axb4 Na6 19. Qb3 Bd7 20. Kh2 h5 21. f5 Kh7 22. Bg5
Ng8 23. fxg6+ fxg6 24. Rf7 Qc8 25. Bf4 Nxb4 26. Qxb4 c5 27. Qb6 cxd4 28. Nd5 Qc6
29. Qb1 Rf8 30. Rxf8 Rxf8 31. e5 dxe5 32. Bg5 Qe6 33. Qxb7 Bc6 34. Qc7 Bxd5 35.
cxd5 Qf7 36. d6 Qxc7 37. dxc7 Rc8 38. Rc1 Bf6 39. Bxf6 Nxf6 40. Bb7 d3 41. Bxc8
e4 42. Ba6 d2 43. Rd1 e3 44. c8=Q 1-0

[Event "SZCZYRK OPEN - TURNIEJ Z OKAZJI SWIETA NIEPODLEGLOSCI - BLITZ 3'+2'' "]
[Site "Szczyrk"]
[Date "2018-11-11"]
[Round "5.5"]
[White "Retz, Adrian "]
[Black "Kowalczyk, Rafal "]
[Result "0-1"]
[WhiteTitle ""]
[BlackTitle ""]
[WhiteElo "1547"]
[BlackElo "2286"]

1. e4 e5 2. Nf3 Nc6 3. c3 d5 4. exd5 Qxd5 5. Be2 e4 6. Ng1 Bf5 7. d3 exd3 8. Bf3
Qe6+ 9. Be3 Bc5 10. Qd2 O-O-O 11. Na3 Nf6 12. b4 Bxe3 13. fxe3 Rhe8 14. O-O-O
Be4 15. Re1 a6 16. b5 axb5 17. Nxb5 Qc4 18. Nd4 Qa6 19. Nb3 Ne5 20. Nc5 Qa3+ 21.
Qb2 d2+ 0-1

[Event "SZCZYRK OPEN - TURNIEJ Z OKAZJI SWIETA NIEPODLEGLOSCI - BLITZ 3'+2'' "]
[Site "Szczyrk"]
[Date "2018-11-11"]
[Round "5.6"]
[White "Orzechowski, Michal"]
[Black "Faron, Rafal "]
[Result "0-1"]
[WhiteTitle ""]
[BlackTitle ""]
[WhiteElo "1519"]
[BlackElo "2207"]

1. d4 d5 2. c4 dxc4 3. Nc3 a6 4. a4 Nc6 5. e3 Na5 6. Qc2 Nf6 7. Nf3 g6 8. Ne5 Be6
9. g3 Bg7 10. Bg2 c6 11. O-O O-O 12. Ne2 Nd7 13. Nxd7 Qxd7 14. Bd2 Nb3 15. Rab1
Nxd2 16. Qxd2 b5 17. axb5 axb5 18. Nc3 Bf5 19. Ra1 Bd3 20. Rfd1 Rab8 21. Ra6 Rfc8
22. Rda1 e5 23. d5 e4 24. dxc6 Rxc6 25. Bxe4 Rxa6 26. Rxa6 Rd8 27. Bg2 b4 28.
Nd5 Qb5 29. Ne7+ Kh8 30. Ra7 c3 31. bxc3 bxc3 32. Qc1 c2 33. Rb7 Qb1 34. Rxb1
cxb1=R 0-1

[Event "SZCZYRK OPEN - TURNIEJ Z OKAZJI SWIETA NIEPODLEGLOSCI - BLITZ 3'+2'' "]
[Site "Szczyrk"]
[Date "2018-11-11"]
[Round "5.7"]
[White "Goluch, Piotr"]
[Black "Szafranski, Maciej "]
[Result "1-0"]
[WhiteTitle ""]
[BlackTitle ""]
[WhiteElo "2205"]
[BlackElo "1548"]

1. e4 c5 2. c3 d5 3. exd5 Qxd5 4. d4 Nf6 5. Nf3 e6 6. Bd3 Be7 7. O-O O-O 8. Qe2
a6 9. Rd1 b5 10. dxc5 Qxc5 11. Be3 Qc7 12. a4 bxa4 13. Na3 Bb7 14. Nc4 Nbd7 15.
Bd4 Nd5 16. Qe4 g6 17. Qg4 Nf4 18. Bf1 f5 19. Qg3 Bd5 20. Nce5 Bxf3 21. Nxf3 Bd6
22. Qh4 e5 23. Be3 Rae8 24. Ng5 Nf6 25. Rxa4 Ng4 26. Rxd6 Nxe3 27. fxe3 Nh5 28.
Raxa6 Qc5 29. Rxg6+ 1-0

[Event "SZCZYRK OPEN - TURNIEJ Z OKAZJI SWIETA NIEPODLEGLOSCI - BLITZ 3'+2'' "]
[Site "Szczyrk"]
[Date "2018-11-11"]
[Round "5.8"]
[White "Kaminski, Maciej "]
[Black "Duda, Lukasz "]
[Result "0-1"]
[WhiteTitle ""]
[BlackTitle ""]
[WhiteElo "1876"]
[BlackElo "2201"]

1. d4 d5 2. Nf3 Nf6 3. e3 e6 4. c4 c6 5. Be2 Bd6 6. b3 O-O 7. Bb2 Nbd7 8. Nbd2
Re8 9. Ne5 Bb4 10. Nd3 Bxd2+ 11. Qxd2 Nf8 12. Ne5 Ng6 13. Nxg6 hxg6 14. h4 b6
15. Bf3 Bb7 16. O-O-O a5 17. g4 a4 18. h5 axb3 19. axb3 g5 20. Qc2 Qd6 21. Be2
Kf8 22. c5 Qc7 23. f4 Ne4 24. Bd3 gxf4 25. Bxe4 dxe4 26. cxb6 Qxb6 27. exf4 Rec8
28. h6 gxh6 29. Rxh6 c5 30. Rh8+ Ke7 31. d5 Bxd5 32. Qc3 Rxh8 33. Qf6+ Kd7 34.
Qxf7+ Kc6 35. Bxh8 Qxb3 36. Bb2 Qc4+ 37. Kd2 Ra2 38. Qe8+ Kb6 39. Qb8+ Kc6 40.
Qc8+ Kb6 41. Qb8+ Kc6 42. Qc8+ Kb5 43. Qb8+ Ka4 44. Qa7+ Kb3 45. Qb6+ Qb4+ 46.
Qxb4+ cxb4 47. Ke3 Rxb2 48. f5 exf5 49. Rxd5 fxg4 50. Kxe4 g3 51. Rd3+ Kc2 52.
Rxg3 Rb1 53. Rg2+ Kb3 54. Kd4 Rc1 55. Rg3+ Ka2 56. Rg2+ Ka3 57. Rg8 b3 58. Ra8+
Kb2 59. Rb8 Ka2 60. Ra8+ Kb1 61. Rb8 b2 62. Kd3 Rc5 63. Kd2 Ka2 64. Ra8+ Kb3 65.
Rb8+ Ka2 66. Ra8+ Kb1 67. Ra7 Rd5+ 68. Kc3 Rc5+ 69. Kd2 Rc2+ 70. Kd1 Rc4 71. Rb7
Ka2 72. Ra7+ Kb3 73. Rb7+ Kc3 74. Rb8 Rd4+ 75. Ke2 Rb4 0-1

[Event "SZCZYRK OPEN - TURNIEJ Z OKAZJI SWIETA NIEPODLEGLOSCI - BLITZ 3'+2'' "]
[Site "Szczyrk"]
[Date "2018-11-11"]
[Round "5.9"]
[White "Sroka, Janusz"]
[Black "Kukula, Karol"]
[Result "1-0"]
[WhiteTitle ""]
[BlackTitle ""]
[WhiteElo "2133"]
[BlackElo "1644"]

1. e4 e5 2. d3 d5 3. Nd2 Nf6 4. Ngf3 Nc6 5. c3 dxe4 6. dxe4 Bg4 7. Be2 Qd7 8. O-O
Be7 9. b4 O-O 10. b5 Bxf3 11. Bxf3 Nd8 12. Qb3 Ne6 13. Nc4 Nc5 14. Qb1 Bd6 15.
Be3 Qe6 16. Na5 b6 17. Nc6 a6 18. Re1 axb5 19. Qxb5 Ncxe4 20. c4 Bc5 21. Bxc5
Nxc5 22. Rxe5 Qd7 23. Rd1 Qxd1+ 24. Bxd1 Rxa2 25. Qb1 1-0

[Event "SZCZYRK OPEN - TURNIEJ Z OKAZJI SWIETA NIEPODLEGLOSCI - BLITZ 3'+2'' "]
[Site "Szczyrk"]
[Date "2018-11-11"]
[Round "5.10"]
[White "Jozefczyk, Szymon"]
[Black "Korbal, Arkadiusz"]
[Result "0-1"]
[WhiteTitle ""]
[BlackTitle ""]
[WhiteElo "1274"]
[BlackElo "2099"]

1. d4 Nf6 2. Nc3 d5 3. Bf4 e6 4. Nb5 Na6 5. e3 Be7 6. Bd3 O-O 7. f3 c6 8. Nc3 Nb4
9. Nge2 Nxd3+ 10. Qxd3 c5 11. g4 Bd7 12. h4 b5 13. Nxb5 c4 14. Qd2 Bxb5 15. h5
Nd7 16. Kf2 Re8 17. Rag1 Bf8 18. g5 e5 19. dxe5 Nxe5 20. Nd4 Bd7 21. Bxe5 Rxe5
22. g6 fxg6 23. hxg6 h6 24. Rh2 Qf6 25. f4 Rae8 26. Rg3 Re4 27. Kg1 Bc5 28. c3
Bxd4 29. cxd4 Bf5 30. Rh5 Qe6 31. Kf2 Qf6 32. Qa5 Qe6 33. Qd2 Bxg6 34. Re5 Rxe5
35. dxe5 Be4 36. Qa5 Qb6 0-1

[Event "SZCZYRK OPEN - TURNIEJ Z OKAZJI SWIETA NIEPODLEGLOSCI - BLITZ 3'+2'' "]
[Site "Szczyrk"]
[Date "2018-11-11"]
[Round "5.11"]
[White "Chylewski, Patryk"]
[Black "Marczak, Szymon"]
[Result "1-0"]
[WhiteTitle ""]
[BlackTitle ""]
[WhiteElo "2097"]
[BlackElo "1880"]

1. d4 b6 2. e4 Bb7 3. Bd3 e6 4. Nf3 c5 5. c3 Nf6 6. Qe2 d5 7. e5 Nfd7 8. O-O Be7
9. Re1 a5 10. Bb5 Ba6 11. a4 Bxb5 12. Qxb5 Qc7 13. Qe2 Nc6 14. Na3 Na7 15. Bg5
Nb8 16. Nb5 Nxb5 17. Qxb5+ Qc6 18. Qd3 Bxg5 19. Nxg5 h6 20. Nh3 Nd7 21. Rec1 Rc8
22. g3 cxd4 23. cxd4 Qxc1+ 24. Rxc1 Rxc1+ 25. Kg2 Rc4 26. b3 Rb4 27. Qc3 O-O 28.
Nf4 b5 29. axb5 Rb8 30. Qc7 Nf8 31. Qxb8 Rxb3 32. b6 a4 33. b7 1-0

[Event "SZCZYRK OPEN - TURNIEJ Z OKAZJI SWIETA NIEPODLEGLOSCI - BLITZ 3'+2'' "]
[Site "Szczyrk"]
[Date "2018-11-11"]
[Round "5.12"]
[White "Krasniewski, Szymon"]
[Black "Cichon, Michal "]
[Result "0-1"]
[WhiteTitle ""]
[BlackTitle ""]
[WhiteElo "1293"]
[BlackElo "2023"]

1. e4 e5 2. f4 d6 3. Nf3 Nc6 4. Bb5 exf4 5. d4 Bd7 6. Bxf4 Be7 7. O-O h6 8. Nc3
a6 9. Bxc6 Bxc6 10. d5 Bd7 11. Nd4 Bf6 12. Kh1 Ne7 13. Bg3 Ng6 14. Nf5 O-O 15.
Qf3 Bxf5 16. exf5 Ne5 17. Bxe5 Bxe5 18. Ne4 Qh4 19. g3 Qd8 20. f6 g6 21. c3 Qd7
22. Kg2 Qb5 23. Qe3 Kh7 24. Qd2 Rae8 25. Rae1 Qa4 26. b3 Qa5 27. c4 Qxd2+ 28.
Nxd2 Bc3 29. Rxe8 Rxe8 30. Nf3 Bxf6 31. Re1 Rxe1 32. Nxe1 Bc3 33. Nd3 Kg7 34.
Kf3 f5 35. h3 Kf6 36. g4 c6 37. dxc6 bxc6 38. h4 fxg4+ 39. Kxg4 h5+ 40. Kf4 Be5+
41. Kf3 Bc3 42. a4 g5 43. hxg5+ Kxg5 44. Nf2 d5 45. cxd5 cxd5 46. Nd3 a5 47. Nf4
d4 48. Nd3 Kf5 49. Nc5 h4 50. Nd3 Ke6 51. Ke4 Kd6 52. Kf3 Kd5 53. Kf4 h3 54. Kg3
Ke4 55. Nc5+ Ke3 56. Kxh3 d3 57. Nxd3 Kxd3 58. Kg3 Bb4 59. Kf3 Kc3 60. Ke2 Kxb3
61. Kd1 Kxa4 62. Kc1 Ka3 63. Kb1 Bc3 64. Kc2 Kb4 65. Kb1 Kb3 66. Kc1 a4 67. Kb1
a3 68. Kc1 a2 0-1

[Event "SZCZYRK OPEN - TURNIEJ Z OKAZJI SWIETA NIEPODLEGLOSCI - BLITZ 3'+2'' "]
[Site "Szczyrk"]
[Date "2018-11-11"]
[Round "5.13"]
[White "Dziodzio, Angelika "]
[Black "Pieczewski, Szymon "]
[Result "1-0"]
[WhiteTitle ""]
[BlackTitle ""]
[WhiteElo "2018"]
[BlackElo "1495"]

1. e4 Nf6 2. e5 Nd5 3. d4 d6 4. c4 Nb6 5. exd6 cxd6 6. Nc3 g6 7. a4 Bg7 8. a5 N6d7
9. Nf3 O-O 10. Be2 Nc6 11. d5 Nce5 12. Nd4 Nc5 13. O-O e6 14. Ra3 Rb8 15. b4 Na6
16. Rb3 b6 17. f4 Nd7 18. Nc6 Qf6 19. Ne4 Qh4 20. Rh3 Qxh3 21. gxh3 Rb7 22. Nxd6
Rc7 23. Nxc8 Rcxc8 24. Ne7+ Kh8 25. Nxc8 Rxc8 26. dxe6 1-0

[Event "SZCZYRK OPEN - TURNIEJ Z OKAZJI SWIETA NIEPODLEGLOSCI - BLITZ 3'+2'' "]
[Site "Szczyrk"]
[Date "2018-11-11"]
[Round "5.14"]
[White "Szydlowska-duda, Marta "]
[Black "Kietrys, Maciej"]
[Result "0-1"]
[WhiteTitle ""]
[BlackTitle ""]
[WhiteElo "1986"]
[BlackElo "1492"]

1. d4 d5 2. Nf3 Nf6 3. Bf4 e6 4. e3 c5 5. c3 Nc6 6. Bd3 Bd6 7. Bg3 b6 8. Nbd2 Bb7
9. O-O Bxg3 10. hxg3 Qc7 11. Qe2 Ne7 12. Rac1 c4 13. Bb1 b5 14. e4 a5 15. Rfe1
b4 16. exd5 exd5 17. Nh4 Kf8 18. Ndf3 Re8 19. Ne5 Nc6 20. Qf3 Nxe5 21. dxe5 Rxe5
22. Rxe5 Qxe5 23. Nf5 g6 24. Nd4 Kg7 25. cxb4 axb4 26. Rd1 Re8 27. Nb5 Ne4 28.
Qg4 Qxb2 29. Qd7 Qxf2+ 30. Kh1 Nxg3+ 31. Kh2 Re5 32. Qg4 Rh5+ 33. Qxh5 Nxh5 34.
Nd6 0-1

[Event "SZCZYRK OPEN - TURNIEJ Z OKAZJI SWIETA NIEPODLEGLOSCI - BLITZ 3'+2'' "]
[Site "Szczyrk"]
[Date "2018-11-11"]
[Round "5.15"]
[White "Labedz, Dawid"]
[Black "Krol, Rafal"]
[Result "0-1"]
[WhiteTitle ""]
[BlackTitle ""]
[WhiteElo "1395"]
[BlackElo "1926"]

1. e4 c6 2. d4 d5 3. exd5 cxd5 4. Bd3 Nc6 5. c3 Qc7 6. h3 Nf6 7. Nf3 g6 8. Bg5
Bg7 9. Nbd2 O-O 10. O-O Bf5 11. Qc2 Bxd3 12. Qxd3 Rab8 13. Rfe1 b5 14. Nb3 b4
15. Nc5 Rb6 16. Rab1 e6 17. g3 bxc3 18. bxc3 Nd7 19. Nxd7 Qxd7 20. Rxb6 axb6 21.
Rb1 Qa7 22. Qc2 Na5 23. Qa4 Qc7 24. Bd2 Nc4 25. Qb3 Rc8 26. Rc1 Nxd2 27. Nxd2
Bxd4 28. Nb1 Qxg3+ 29. Kh1 Qxh3+ 30. Kg1 Be5 31. Re1 Bh2+ 32. Kh1 Bg3+ 33. Kg1
Qh2+ 34. Kf1 Qxf2# 0-1

[Event "SZCZYRK OPEN - TURNIEJ Z OKAZJI SWIETA NIEPODLEGLOSCI - BLITZ 3'+2'' "]
[Site "Szczyrk"]
[Date "2018-11-11"]
[Round "5.16"]
[White "Para, Tomasz "]
[Black "Karut, Kacper"]
[Result "0-1"]
[WhiteTitle ""]
[BlackTitle ""]
[WhiteElo "1896"]
[BlackElo "1238"]

1. e4 c5 2. Nf3 d6 3. Nc3 Nc6 4. d3 g6 5. Be2 Bg7 6. O-O e6 7. h3 Nge7 8. Be3 O-O
9. Qd2 b6 10. Bh6 Bb7 11. Bxg7 Kxg7 12. Nh2 f5 13. exf5 exf5 14. Bf3 Qd7 15. Nd5
Nxd5 16. Bxd5 Nd4 17. Bxb7 Qxb7 18. c3 Nc6 19. Nf3 Ne5 20. Ng5 Rfe8 21. d4 Nc4
22. Qc2 cxd4 23. cxd4 Rac8 24. Qc3 Ne3 25. Qd3 Nxf1 26. Rxf1 Qc6 27. d5 Qc4 28.
Qa3 Qxd5 29. Nf3 Kg8 30. Qb4 Rc4 31. Qa3 Rec8 32. Qxa7 Rc1 33. Rxc1 Rxc1+ 34.
Kh2 Qc6 35. Qb8+ Kg7 36. Qa7+ Kh6 37. Qb8 d5 38. Qf8+ Kh5 39. Qe7 Qc7+ 0-1

[Event "SZCZYRK OPEN - TURNIEJ Z OKAZJI SWIETA NIEPODLEGLOSCI - BLITZ 3'+2'' "]
[Site "Szczyrk"]
[Date "2018-11-11"]
[Round "5.17"]
[White "Drozniak, Stanislaw"]
[Black "Ulrych, Wojciech "]
[Result "0-1"]
[WhiteTitle ""]
[BlackTitle ""]
[WhiteElo "1799"]
[BlackElo "1867"]

1. e4 e6 2. d4 d5 3. Nc3 Nf6 4. Bg5 Be7 5. e5 Nfd7 6. Bxe7 Qxe7 7. f4 c5 8. Nb5
O-O 9. Nc7 cxd4 10. Qd2 Nc5 11. Nxa8 Ne4 12. Qxd4 Nc6 13. Qa4 Qh4+ 14. g3 Nxg3
15. Nf3 Qh5 16. hxg3 Qxh1 17. Qa3 Bd7 18. Nc7 a6 19. O-O-O Rc8 20. Nxa6 bxa6 21.
Bxa6 Qg2 22. Bxc8 Bxc8 23. Qa4 Bb7 24. Qb3 Na5 25. Qb6 h6 26. Nd4 Qxg3 27. Qxa5
Qxf4+ 28. Kb1 Qxe5 29. Qb4 Ba6 30. a4 Qh5 31. Rc1 e5 32. Qb8+ Kh7 33. Nb3 Bc4
34. Nd2 Be2 35. a5 Qg5 36. Qb4 e4 37. Nb3 Bc4 38. Nc5 e3 39. a6 Qe7 40. Qb6 e2
41. Qa5 Qa7 42. Nd3 f5 43. b3 Qxa6 44. Qxa6 Bxa6 45. Nf4 g5 46. Nxd5 f4 47. Re1
f3 48. b4 f2 49. Rxe2 f1=Q+ 50. Kb2 Qxe2 51. Nc3 Qc4 52. Na2 Bb7 53. c3 Bd5 54.
Nc1 g4 0-1

[Event "SZCZYRK OPEN - TURNIEJ Z OKAZJI SWIETA NIEPODLEGLOSCI - BLITZ 3'+2'' "]
[Site "Szczyrk"]
[Date "2018-11-11"]
[Round "5.18"]
[White "Foltyn, Lukasz "]
[Black "Panek, Bartosz "]
[Result "1-0"]
[WhiteTitle ""]
[BlackTitle ""]
[WhiteElo "1854"]
[BlackElo "1478"]

1. e4 e6 2. d4 d5 3. Bd3 c5 4. c3 Nc6 5. Nf3 cxd4 6. cxd4 Bb4+ 7. Nc3 Nge7 8. O-O
O-O 9. Bf4 Ng6 10. Bg5 Qd7 11. e5 b6 12. Rc1 Bxc3 13. Rxc3 Nb4 14. Bb1 Ba6 15.
Re1 Rac8 16. h4 Rc4 17. a3 Rxc3 18. bxc3 Nc6 19. h5 Nge7 20. h6 Ng6 21. hxg7 Rc8
22. Bf6 Nce7 23. Nh2 Nf5 24. Qf3 Nxg7 25. Qh3 Ne8 26. Re3 Nxf6 27. exf6 Qa4 28.
Re1 Qxa3 29. Ng4 Qxc3 30. Qh6 Qxe1+ 31. Kh2 1-0

[Event "SZCZYRK OPEN - TURNIEJ Z OKAZJI SWIETA NIEPODLEGLOSCI - BLITZ 3'+2'' "]
[Site "Szczyrk"]
[Date "2018-11-11"]
[Round "5.19"]
[White "Zaborski, Igor "]
[Black "Lesniak, Grzegorz"]
[Result "0-1"]
[WhiteTitle ""]
[BlackTitle ""]
[WhiteElo "1255"]
[BlackElo "1849"]

1. d4 d5 2. c4 e6 3. Nf3 f5 4. Nc3 Nf6 5. e3 c6 6. c5 b6 7. b4 a5 8. bxa5 bxc5
9. dxc5 Qxa5 10. Bd2 Qxc5 11. Qc2 Ne4 12. Be2 Nxd2 13. Qxd2 Be7 14. O-O O-O 15.
Rfc1 Qd6 16. a4 Ba6 17. Nd4 Bxe2 18. Qxe2 c5 19. Ndb5 Qd7 20. Qb2 Nc6 21. Ne2
Nb4 22. Qb3 c4 23. Qc3 Nd3 24. Rcb1 Bf6 25. Ned4 e5 26. Nf3 e4 27. Nfd4 Bxd4 28.
Qxd4 f4 29. Nc3 fxe3 30. fxe3 Rad8 31. Rf1 Rxf1+ 32. Rxf1 Qe6 33. a5 Ne5 34. Qb6
Qxb6 35. axb6 Nc6 36. b7 Rb8 37. Rb1 Na5 38. Nxd5 Rxb7 39. Rc1 Rb5 40. Nc3 Re5
41. Na4 Re8 42. Rxc4 Nxc4 43. Nc5 Rc8 44. Kf2 Rxc5 45. Kg3 Nd2 46. Kf4 Rc3 47.
Ke5 Kf7 48. Kf4 Ke6 49. g4 g6 50. h4 h6 51. h5 g5+ 52. Kg3 Rxe3+ 53. Kf2 Ra3 54.
Ke2 e3 55. Kf3 Kd5+ 56. Ke2 Ke4 57. Ke1 Nf3+ 58. Kd1 Kd3 0-1

[Event "SZCZYRK OPEN - TURNIEJ Z OKAZJI SWIETA NIEPODLEGLOSCI - BLITZ 3'+2'' "]
[Site "Szczyrk"]
[Date "2018-11-11"]
[Round "5.20"]
[White "Namyslak, Piotr"]
[Black "Sandomierski, Cyprian"]
[Result "1-0"]
[WhiteTitle ""]
[BlackTitle ""]
[WhiteElo "1794"]
[BlackElo "1472"]

1. c4 c5 2. Nc3 Nf6 3. f4 d5 4. cxd5 Nxd5 5. e3 Nc6 6. Bc4 e6 7. Nf3 a6 8. O-O
b5 9. Be2 Bb7 10. Nxd5 exd5 11. d4 c4 12. Ne5 Nxe5 13. fxe5 Be7 14. Bd2 O-O 15.
Qe1 a5 16. Qg3 Bh4 17. Qf3 b4 18. g3 Be7 19. Bxc4 Rc8 20. Bd3 Qb6 21. Rac1 Rxc1
22. Rxc1 b3 23. a4 Bb4 24. Bxb4 Qxb4 25. Rc7 Qe1+ 26. Kg2 Qd2+ 27. Qe2 Qb4 28.
Bb5 Bc8 29. Kf2 Bf5 30. Qe1 Qxe1+ 31. Kxe1 f6 32. exf6 Rxf6 33. Ra7 Re6 34. Kd2
Be4 35. Rxa5 Kf7 36. Ra7+ Kg6 37. Rb7 h5 38. Bd7 Ra6 39. Rxb3 Ra7 40. Rb6+ Kh7
41. Bb5 Rc7 42. Rc6 Ra7 43. b4 Bh1 44. Ra6 Rc7 45. Ra8 Be4 46. Rb8 Rc2+ 47. Ke1
Rxh2 48. a5 Rh1+ 49. Kd2 Rh2+ 50. Kc1 Rc2+ 51. Kd1 Rb2 52. Bd7 Bf3+ 53. Kc1 Rb3
54. Kc2 Ra3 55. Rb6 Rxe3 56. a6 Ra3 57. Kb2 Re3 58. a7 Be2 59. a8=Q Rxg3 60. Bf5+
g6 61. Qa7+ Kh6 62. Rxg6+ Rxg6 63. Bxg6 Kxg6 64. Qe7 Bg4 65. b5 Kf5 66. b6 Kf4
67. b7 Bd1 68. b8=Q+ Ba4 1-0